000 00587cam a2200205 a 4500
001 000004943
005 20200929151536.0
008 020725s2002 ck 001 p spa
020 _a9583332739
040 _aDO-SdBNP
_cDLC
082 _aC861.6
_bA472s
100 1 _aAlvarado Tenorio, Harold,
_d1945-
_98113
245 1 0 _aSumma del cuerpo /
_cHarold Alvarado Tenorio.
260 _a[Bogota] :
_bDeriva,
_c2002.
300 _a163 p. ;
_c21 cm.
650 4 _aPoesía colombiana
_93742
650 4 _aLiteratura colombiana
_91244
910 _aCatalogación por copia / LC
049 _aBNGR
999 _c4749
_d4749